| 000 | 00870nam a2200229Ia 4500 | ||
|---|---|---|---|
| 003 | GCL | ||
| 008 | 140319s9999 xx 000 0 ara d | ||
| 040 |
_aGCL / _cGCL |
||
| 082 | 0 | 4 |
_a896.931 _bب ن |
| 100 | 1 | _aبريتشارد، جميس | |
| 245 | 1 | 0 |
_aنصوص الشرق الادنى القديمة المتعلقة بالعهد القديم / _cبريتشارد، جميس |
| 700 | 1 | _aعبدالحميد زايد (تعريب وتعليق) | |
| 700 | 1 | _aمحمد جمال الدين مختار (مراجع) | |
| 260 |
_aالقاهرة : _bهيئة الاثار المصرية ، _c1987 |
||
| 300 |
_a192 ص ؛ _c24 سم |
||
| 490 |
_aسلسلة الثقافة الاثرية والتاريخية _v9 |
||
| 650 | 0 | 4 | _aتاريخ |
| 650 | 0 | 4 | _aالشرق الاوسط |
| 650 | 0 | 4 | _aوثائق |
| 650 | 0 | 4 | _aالاساطير القديمة |
| 942 |
_2ddc _cBK |
||
| 999 |
_c52931 _d52931 |
||